Video / (Record no. 100907)

MARC details
000 -LEADER
campo de control de longitud fija 00586nam a2200205 i 4500
001 - NÚMERO DE CONTROL
campo de control 100907
003 - IDENTIFICADOR DE NÚMERO DE CONTROL
campo de control ES-MaACL
007 - CAMPO FIJO DE DESCRIPCIÓN FÍSICA--INFORMACIÓN GENERAL
campo de control de longitud fija t|
008 - DATOS DE LONGITUD FIJA--INFORMACIÓN GENERAL
campo de control de longitud fija 051006s1983 sp ||||1| spa d
100 1# - ENTRADA PRINCIPAL--NOMBRE DE PERSONA
Nombre de persona Matthewson, D. K.
9 (RLIN) 79142
245 10 - MENCIÓN DEL TÍTULO
Título Video /
Mención de responsabilidad, etc. D. K. Matthewson; versión de M. A. Fernández Alvarez.
250 ## - MENCION DE EDICION
Mención de edición [1ª ed.].
260 ## - PUBLICACIÓN, DISTRIBUCIÓN, ETC.
Lugar de publicación, distribución, etc. Madrid :
Nombre del editor, distribuidor, etc. Alhambra,
Fecha de publicación, distribución, etc. 1983.
300 ## - DESCRIPCIÓN FÍSICA
Extensión VIII, 240 p. :
Otras características físicas il. ;
Dimensiones 19 cm.
490 1# - MENCIÓN DE SERIE
Mención de serie Zairos
700 1# - ENTRADA AGREGADA--NOMBRE PERSONAL
Nombre de persona Fernández Alvarez, M. A.
9 (RLIN) 49457
830 0# - PUNTO DE ACCESO ADICIONAL DE SERIE-TÍTULO UNIFORME
Título uniforme Zairos
9 (RLIN) 181794
852 ## - LOCALIZACIÓN
Ubicación ES-MaACL
Número de control de estantería L-4758
Sublocalización o colección R.105207
Holdings
Estatus retirado Estado de pérdida Estado de daño No para préstamo Biblioteca de origen Biblioteca actual Ubicación en estantería Fecha de adquisición Fuente de adquisición Total de préstamos Signatura topográfica completa Código de barras Visto por última vez Precio de reemplazo Tipo de ítem Koha
        Biblioteca del Ateneo de Madrid Biblioteca del Ateneo de Madrid Depósito 2 17/01/2008     L-4758 1105356 23/02/2023 23/02/2023 Libro impreso